Javasript for the world wide web: Visual quickstart guide (Record no. 166883)
[ view plain ]
| 000 -LEADER | |
|---|---|
| fixed length control field | 00401nam a2200145Ia 4500 |
| 008 - FIXED-LENGTH DATA ELEMENTS--GENERAL INFORMATION | |
| fixed length control field | 231217s9999 xx 000 0 und d |
| 041 ## - LANGUAGE CODE | |
| Language code of text/sound track or separate title | English |
| 082 ## - DEWEY DECIMAL CLASSIFICATION NUMBER | |
| Classification number | 001.6424JAV NEG;1 R |
| 100 ## - MAIN ENTRY--PERSONAL NAME | |
| Personal name | Negrino, Tom Smith,Dori |
| 245 #0 - TITLE STATEMENT | |
| Title | Javasript for the world wide web: Visual quickstart guide |
| 250 ## - EDITION STATEMENT | |
| Edition statement | 2nd ed. |
| 260 ## - PUBLICATION, DISTRIBUTION, ETC. | |
| Date of publication, distribution, etc. | 1998 |
| Name of publisher, distributor, etc. | Peachpit for D.V of Addi. |
| 300 ## - PHYSICAL DESCRIPTION | |
| Extent | xii+195 |
| 942 ## - ADDED ENTRY ELEMENTS (KOHA) | |
| Koha item type | Books |
| Date last seen | Total checkouts | Full call number | Accession number | Cost, total (INR) price | Price effective from | Category | Lost status | Damaged status | Department | Withdrawn status | Home library | Current library | Shelving location | Entry date | Vendor | Cost, normal purchase price | Grants | Billnumber | Billdate | Currency symbol | Conversion rate | Discount | Old discount |
|---|---|---|---|---|---|---|---|---|---|---|---|---|---|---|---|---|---|---|---|---|---|---|---|
| 26/01/2024 | 001.6424JAV NEG;1 R | 14902 | 152.32 | 26/01/2024 | Books | Central Library | Central Library | Central Library | Library Annex | 15/03/2000 | Word Power | 179.20 | CS | A12062 | 23/12/2002 | RS | 1 | 26.88 | 15 | ||||
| 26/01/2024 | 001.6424JAV NEG;2 R1 | 14903 | 152.32 | 26/01/2024 | Books | Central Library | Central Library | Central Library | Library Annex | 15/03/2000 | Word Power | 179.20 | CS | A12062 | 23/12/2002 | RS | 1 | 26.88 | 15 |
